000 00571nam a2200181 4500
001 20287
003 CZ PrNK
005 20260120154704.0
008 930617s1964 xo slo
040 _aABA001
_bcze
_dABA001
100 1 _aBalaštík, Jaroslav,
_d1925-2014
_4aut
245 1 0 _aKonzervovanie ovocia, zeleniny a mäsa v domácnosti /
_cJaroslav Balaštík
250 _a2., dopl. vyd.
260 _aBratislava :
_bSlovenské vydavateľstvo pôdohospodárskej literatúry,
_c1964
300 _a382 s. :
_bil. ;
_c
910 _aABA001
942 _2ddc
_cOLDO
_n0
999 _c20287
_d20287